Text book of water supply and sanitary engineering (Record no. 24756)

000 -LEADER
fixed length control field 00462nam a22001817a 4500
001 - CONTROL NUMBER
control field 24756
003 - CONTROL NUMBER IDENTIFIER
control field BD-DhUET
008 - FIXED-LENGTH DATA ELEMENTS--GENERAL INFORMATION
fixed length control field 150510b xxu||||| |||| 00| 0 eng d
040 ## - CATALOGING SOURCE
Transcribing agency 0
Modifying agency BD-DhUET
082 ## - DEWEY DECIMAL CLASSIFICATION NUMBER
Classification number 628
Item number KUL/1977
100 ## - MAIN ENTRY--PERSONAL NAME
Personal name Kulkarni, G. J.
245 ## - TITLE STATEMENT
Title Text book of water supply and sanitary engineering
250 ## - EDITION STATEMENT
Edition statement 9th ed.
260 ## - PUBLICATION, DISTRIBUTION, ETC. (IMPRINT)
Place of publication, distribution, etc. Poona
Name of publisher, distributor, etc. Kulkarni, G. J.
Date of publication, distribution, etc. 1977
300 ## - PHYSICAL DESCRIPTION
Extent 572 p.
Other physical details ill.
650 #0 - SUBJECT ADDED ENTRY--TOPICAL TERM
Topical term or geographic name as entry element Sanitary engineering
942 ## - ADDED ENTRY ELEMENTS (KOHA)
Koha item type General Book
Holdings
Source of classification or shelving scheme Lost status Koha full call number Damaged status Not for loan Koha date last seen Price effective from Sublocation or collection (holding branch) Koha normalized classification for sorting Copy number Withdrawn status Koha item type Location (home branch) Date acquired Piece designation (barcode) Shelving location
  628/KUL/1977  2015-05-102015-05-10Central Library, BUET628_000000000000000_KUL_19771 General BookCentral Library, BUET2015-05-1053401Circulation section
  628/KUL/1977  2015-06-182015-06-18Central Library, BUET628_000000000000000_KUL_19772 Reading ItemCentral Library, BUET2015-06-1842777Reading section